| 000 | 01202cam a2200349 a 4500 | ||
|---|---|---|---|
| 005 | 20260322212057.0 | ||
| 008 | data | ||
| 010 | _a 2008564625 | ||
| 020 | _a9780756636692 (pbk.) | ||
| 020 | _a0756636698 (pbk.) | ||
| 040 |
_aBTCTA _cBTCTA _dDLC _dGO4 _dDLC |
||
| 042 | _alccopycat | ||
| 050 | 0 | 0 |
_aML3534 _b.P893 2008 |
| 092 | _a781.66 P893 2008 | ||
| 245 | 0 | 0 |
_aPunk : _bthe whole story / _cedited by Mark Blake, Debbie Harry & DK Publishing, Inc. |
| 260 |
_aNew York : _bDK Publishing, _c2008, c2006. |
||
| 300 |
_a288 p. : _bill. (some col.) ; _c24 cm. |
||
| 500 | _aIncludes index. | ||
| 500 | _aOriginally published: 2006. | ||
| 500 | _aStatement of responsibility partially from cover. | ||
| 500 | _a"Taken from the archives of MOJO"--P. 5. | ||
| 650 | 0 |
_aPunk rock music _xHistory and criticism. |
|
| 650 | 0 | _aPunk rock musicians. | |
| 700 | 1 |
_aBlake, Mark, _d1965- |
|
| 700 | 1 | _aHarry, Debbie | |
| 710 | 2 | _aDK Publishing, Inc. | |
| 730 | 0 | _aMojo. | |
| 906 |
_a7 _bcbc _ccopycat _d3 _encip _f20 _gy-gencatlg |
||
| 925 | 0 |
_aacquire _b2 shelf copies _xpolicy default |
|
| 955 | _evk05 2008-10-22 to BCCD | ||
| 001 | data | ||
| 999 |
_c1354 _d1354 |
||